000 00924nam a2200217Ia 4500
999 _c37402
_d37402
001 3361
003 GE_BSU
005 20190605205340.0
008 181216s1968||||ge |||||||||||||| ||geo||
040 _cGE_BSU
041 _ageo
080 _a621.01(075.8) თ–20
100 _aთავხელიძე, დ.
_9914
245 _aმექანიზმებისა და მანქანების თეორია ნაწ. l : სახელმძღვ. /
_c დ.თავხელიძე ; რედ : ჩ. გურგენიძე.
264 _aთბილისი :
_bგანათლება,
_c1968.
300 _a253 გვ .:
_c22 გვ.
653 _aმექანიზმების თეორია
653 _aმანქანების თეორია
700 _aგურგენიძე, დ
_eრედაქტორი
_92207
942 _cBK
_2udc